000 00701nam a2200217 a 4500
001 000036047
003 DO-SdBNP
005 20250120110604.0
007 ta
008 111124s1992 dr 000 0 spa d
040 _aDO-SdBNP
_bspa
_cBNPHU
082 4 _aR 920.7
_bM722d,1993
_222
100 1 _aMolina Morillo, Rafael,
_d1930-1917
_937
245 1 0 _aPersonalidades dominicanas 1993 /
_cRafael Molina Morillo.
260 _aSanto Domingo :
_bMolina Molina & Asociados,
_c1992.
300 _a640 p. :
_bils., retr. ;
_c23 cm.
590 _aInventariado 2020/VM
651 4 _aRepública Dominicana
_vBiografías
_91083
_y1993
910 _aVMateo/Validado. Control de calidad MFF
942 _2ddc
_cLBS1
999 _c35538
_d35538